Normal view
MARC view
- Bokhari, GC Zarr Ali TCC-14
Entry Personal Name
001 - CONTROL NUMBER
- control field: 131349
003 - CONTROL NUMBER IDENTIFIER
- control field: NUST
005 - DATE AND TIME OF LATEST TRANSACTION
- control field: 20251021133024.0
008 - FIXED-LENGTH DATA ELEMENTS
- fixed length control field: 251021|| aca||aabn | a|a d
040 ## - CATALOGING SOURCE
- Original cataloging agency: NUST
- Transcribing agency: NUST
100 ## - HEADING--PERSONAL NAME
- Personal name: Bokhari, GC Zarr Ali TCC-14
670 ## - SOURCE DATA FOUND
- Source citation: Work cat.: (NUST)183535: Bokhari, GC Zarr Ali TCC-14, Universal intelligent source coding detector UISCD /, 2006
